| LEADER |
00692nam0a2200193 450 |
| 001 |
16828985 |
| 010 |
|
|
|a 978-2-203-12210-9
|b Br.
|d 14,5
|
| 100 |
|
|
|a 20180116d2017 u u0frey01 ba
|
| 101 |
0 |
|
|a fre
|
| 200 |
0 |
|
|a Etincelle du savoir (L')
|f Luc Venries, Noë Monin, Yoann Courric
|
| 207 |
|
1 |
|a
|
| 210 |
|
|
|a Tournai (Belgique)
|b 28 Rue des Soeurs Noires.
|c Casterman
|d 2017
|
| 461 |
|
0 |
|t Les lames d'Apretagne
|v 2
|
| 700 |
|
0 |
|a Venries
|b Luc
|4 90
|
| 701 |
|
0 |
|a Monin
|b Noë
|f 1983-....
|4 0
|
| 701 |
|
0 |
|a Courric
|b Yoann
|f 1987-....
|4 90
|
| 900 |
|
|
|a Bande Dessinée enfant ado
|
| 901 |
|
|
|a Accessible au prêt
|
| 995 |
|
|
|a Bibliothèque
|c Bibliothèque
|f 024018503
|h 024018503
|k BDJ VEN
|o p
|q j
|r az
|e Bibliothèque
|